|
|
|
|
| LEADER |
01254nam a2200373 a 4500 |
| 001 |
000810537 |
| 003 |
CZ BrMZK |
| 005 |
20060327084138.0 |
| 007 |
ta |
| 008 |
051115s2005 xr c g 000 1acze |
| 015 |
|
|
|a cnb001631915
|
| 020 |
|
|
|a 80-85997-32-0
|q (brož.) :
|c Kč 169,00
|
| 035 |
|
|
|a (OCoLC)63115843
|
| 040 |
|
|
|a KLG001
|b cze
|
| 072 |
|
7 |
|a 821.162.3.09
|x Česká literatura (o ní)
|2 Konspekt
|9 11
|
| 072 |
|
7 |
|a 929
|x Biografie
|2 Konspekt
|9 8
|
| 080 |
|
|
|a 929
|2 MRF
|
| 080 |
|
|
|a 821.162.3-055.2
|2 MRF
|
| 080 |
|
|
|a (047.53)
|2 MRF
|
| 100 |
1 |
|
|a Grögerová, Bohumila,
|d 1921-2014
|7 jk01032701
|4 aut
|4 ive
|
| 245 |
1 |
0 |
|a Klikyháky paměti :
|b (rozhovor Radima Kopáče) /
|c Bohumila Grögerová
|
| 250 |
|
|
|a Vyd. 1.
|
| 260 |
|
|
|a Praha :
|b Concordia,
|c c2005
|
| 300 |
|
|
|a 149 s. :
|b portréty ;
|c 20 cm
|
| 500 |
|
|
|a 500 výt.
|
| 600 |
1 |
7 |
|a Grögerová, Bohumila,
|d 1921-
|7 jk01032701
|2 czenas
|
| 650 |
0 |
7 |
|a české spisovatelky
|7 ph128153
|2 czenas
|
| 655 |
|
7 |
|a rozhovory
|7 fd133303
|2 czenas
|
| 700 |
1 |
|
|a Kopáč, Radim,
|d 1976-
|7 jo20000080604
|4 ivr
|
| 910 |
2 |
|
|a BOA001
|b 2-1164.294
|
| 990 |
|
|
|a BK
|
| 995 |
|
|
|a 60
|
| 991 |
|
|
|b 200603
|c NOV
|
| 996 |
6 |
|
|b 2610274107
|c 2-1164.294
|l MZK
|r Sklad / do 1 hodiny
|n 4
|p p.v.
|w 000810537
|u 000010
|a 1
|e BOA001
|j MZK50
|s P
|